|
|
|
|
| LEADER |
00000nas a2200000 a 4500 |
| 001 |
ssj0001433707 |
| 003 |
WaSeSS |
| 005 |
20200512172242.0 |
| 006 |
m d |
| 007 |
cr n |
| 008 |
070108c20079999nyuqr p s 0 a0eng c |
| 010 |
|
|
|a 2007214067
|
| 022 |
|
|
|l 1935-3553
|y 1935-3553
|
| 035 |
|
|
|a (WaSeSS)ssj0001433707
|
| 037 |
|
|
|b Nova Science Publishers, 400 Oser Ave., Ste. 1600, Hauppauge NY, 11788-3619
|
| 040 |
|
|
|a NSDP
|b eng
|c NSDP
|d DLC
|d OCoLC
|d WaSeSS
|
| 042 |
|
|
|a pcc
|a nsdp
|
| 050 |
0 |
0 |
|a HG1
|b .J588
|
| 082 |
1 |
0 |
|a 332
|2 14
|
| 222 |
|
0 |
|a Journal of current issues in finance, business, and economics
|
| 245 |
0 |
0 |
|a Journal of current issues in finance, business, and economics
|h [electronic resource].
|
| 260 |
|
|
|a Hauppauge, NY :
|b Nova Science Publishers
|
| 310 |
|
|
|a Quarterly
|
| 362 |
1 |
|
|a Began with v. 1, issue 1 (2007).
|
| 506 |
|
|
|a License restrictions may limit access.
|
| 588 |
|
|
|a Description based on: First issue; title from cover.
|
| 650 |
|
0 |
|a Finance
|v Periodicals.
|
| 650 |
|
0 |
|a Commerce
|v Periodicals.
|
| 655 |
|
0 |
|a Electronic journals.
|
| 850 |
|
|
|a DLC
|
| 856 |
4 |
0 |
|z Full text available from Research Library: 01/01/2011 to 10/31/2013
|u https://search.proquest.com/publication/2034845
|